| 000 | 00511nam a22001697a 4500 | ||
|---|---|---|---|
| 003 | BD-DhUL | ||
| 005 | 20210224110549.0 | ||
| 008 | 181125s1891 ii ||||| |||| 00| 0 urd d | ||
| 040 |
_aBD-DhUL _cBD-DhUL |
||
| 082 |
_a891.431 _bBAS |
||
| 100 | 1 |
_aباقر حسین، سید _4 |
|
| 245 | 1 | 0 |
_aشیخ انتخاب دیوان ذوق / _cسید باقر حسین |
| 260 |
_aدہلی : _bمطبع افتخار، _c۱۸۹۱۔ |
||
| 300 |
_aص۔ ۱۸۰ ؛ _c۲۸ سم۔ |
||
| 650 | 4 | _aUrdu poetry | |
| 942 |
_2ddc _cBK |
||
| 999 |
_c244801 _d244801 |
||